Teorija technologičeskich processov osnovnogo organičeskogo i neftechimičeskogo sinteza : učebnoje posobije dl´a studentov chimiko-technologičeskich special´nych vuzov /

Uložené v:
Podrobná bibliografia
Hlavní autori: Lebedev, Nikolaj Nikolajevič (Author), Manakov, Michail Nikolajevič (Author), Švec, Valerij Fedorovič (Author)
Médium: Kniha
Jazyk:Russian
Vydané: Moskva : Chimija, 1975.
Fyzický popis: 477 strán.
Tagy: Pridať tag
Žiadne tagy, Buďte prvý kto otaguje tento záznam!

MARC

LEADER 00000nam a22000002i 4500
001 000637726
005 20200507144139.0
008 200507s1975 ru e 000 0 rus d
020 |c Kčs 16,00  |q (viazané) 
040 |a SVKKK  |b slo  |c SVKKK  |e rda 
100 1 |a Lebedev, Nikolaj Nikolajevič  |4 aut 
245 1 0 |a Teorija technologičeskich processov osnovnogo organičeskogo i neftechimičeskogo sinteza :  |b učebnoje posobije dl´a studentov chimiko-technologičeskich special´nych vuzov /  |c Nikolaj Nikolajevič Lebedev, Michail Nikolajevič Manakov, Valerij Fedorovič Švec. 
264 1 |a Moskva :  |b Chimija,  |c 1975. 
300 |a 477 strán. 
336 |a text  |b txt  |2 rdacontent 
337 |a bez média  |b n  |2 rdamedia 
338 |a zväzok  |b nc  |2 rdacarrier 
500 |a Záznam revízie 
700 1 |a Manakov, Michail Nikolajevič  |4 aut 
700 1 |a Švec, Valerij Fedorovič  |4 aut 
910 |a svkkk 
998 |a BK 
090 |g SCKHL  |k Sklad Pribinova 2. posch.  |a III.109629  |j 542103  |i 2720733224  |4 Zastaraná  |s Vyradená